| 000 | 00918nam a22002537a 4500 | ||
|---|---|---|---|
| 999 |
_c7089 _d7089 |
||
| 003 | AR-CdUCM | ||
| 008 | 190319b ||||| |||| 00| 0 spa d | ||
| 040 |
_aMUNICIPALIDAD PROVINCIAL DEL CUSCO _cBIBLIOTECA MUNICIPAL DEL CUSCO |
||
| 082 |
_a591.56 / _bT57 |
||
| 100 |
_aTinbergen, N. _919964 |
||
| 245 | _aConducta Social en los Animales / | ||
| 260 |
_aMexico : _bHispano Americana, _c1964. |
||
| 300 |
_a209 paginas ; _bilustraciones, dibujos, _c17 cm. |
||
| 440 |
_aManuales UTEHA _n174 _919965 |
||
| 500 | _aReferencia especial a los vertebrados | ||
| 505 | _aContenido: Apareamiento -- la lucha -- vida familiar -- cooperacion social -- organizaciones sociales -- aspectos evolutivos... | ||
| 650 |
_aHimenopteros _919966 |
||
| 650 |
_aVida familiar _919967 |
||
| 650 |
_aAnimales _9917 |
||
| 650 |
_aConducta Social _919968 |
||
| 700 |
_aIbarra Enciondo, Luis _92186 |
||
| 942 |
_2ddc _cLIBROS |
||
| 945 | _apjha | ||